Mikaihō buraku no jisshōteki kenkyū.
Saved in:
| Corporate Author: | |
|---|---|
| Format: | Book |
| Language: | Japanese |
| Published: |
Nara :
Nara-ken Minsei Rōdōbu Dōwa Mondai Kenkyūjo,
Shōwa 28 [1953]
|
| Subjects: | |
| Tags: |
Add Tag
No Tags, Be the first to tag this record!
|
| LEADER | 00800nam a2200205ui 4500 | ||
|---|---|---|---|
| 001 | 007766928-2 | ||
| 005 | 20024617122053.0 | ||
| 008 | 980416s1953 ja a 000 0 jpn d | ||
| 035 | 0 | |a ocm38961451 | |
| 040 | |a *YNH* |c *YNH* |d CStRLIN | ||
| 110 | 2 | |6 880-01 |a Nara-ken Minsei Rōdōbu Dōwa Mondai Kenkyūjo. | |
| 245 | 1 | 0 | |6 880-02 |a Mikaihō buraku no jisshōteki kenkyū. |
| 260 | |6 880-03 |a Nara : |b Nara-ken Minsei Rōdōbu Dōwa Mondai Kenkyūjo, |c Shōwa 28 [1953] | ||
| 300 | |a 4, 116 p. : |b plates ; |c 22 cm. | ||
| 650 | 0 | |a Buraku people |z Japan |z Nara-ken. | |
| 880 | 2 | |6 110-01 |a 奈良県民生労働部同和問題研究所. | |
| 880 | 1 | 0 | |6 245-02 |a 未解放部落の實証的研究. |
| 880 | |6 260-03 |a 奈良 : |b 奈良県民生労働部同和問題研究所, |c 昭和28 [1953] | ||
| 988 | |a 20021221 | ||
| 906 | |0 MH | ||


